عمارة الحنية وزخارفها الفنية في الكنائس الشرقية حتى نهاية القرن السابع الميلادي : (رقم التسجيلة. 178393)
[ عرض عادي ]
| 000 -LEADER | |
|---|---|
| fixed length control field | 04265namaa22004091i 4500 |
| 003 - CONTROL NUMBER IDENTIFIER | |
| control field | OSt |
| 005 - أخر تعامل مع التسجيلة | |
| control field | 20260415125039.0 |
| 008 - FIXED-LENGTH DATA ELEMENTS--GENERAL INFORMATION | |
| fixed length control field | 250827s2025 ua a|||frm||| 000 0 eng d |
| 040 ## - CATALOGING SOURCE | |
| Original cataloguing agency | EG-GICUC |
| Language of cataloging | ara |
| Transcribing agency | EG-GICUC |
| Modifying agency | EG-GICUC |
| Description conventions | rda |
| 041 0# - LANGUAGE CODE | |
| Language code of text/sound track or separate title | ara |
| Language code of summary or abstract | ara |
| -- | eng |
| 049 ## - Acquisition Source | |
| Acquisition Source | إيداع |
| 082 04 - DEWEY DECIMAL CLASSIFICATION NUMBER | |
| Classification number | 726.5815 |
| 092 ## - LOCALLY ASSIGNED DEWEY CALL NUMBER (OCLC) | |
| Classification number | 726.5815 |
| Edition number | 21 |
| 097 ## - Degree | |
| Degree | مــــاجستير |
| 099 ## - LOCAL FREE-TEXT CALL NUMBER (OCLC) | |
| Local Call Number | Cai01.14.04.M.Sc.2025.ما.ع |
| 100 0# - MAIN ENTRY--PERSONAL NAME | |
| Authority record control number or standard number | ،مارى ثابت إبراهيم نصيف |
| Preparation | إعداد. |
| 245 10 - TITLE STATEMENT | |
| Title | عمارة الحنية وزخارفها الفنية في الكنائس الشرقية حتى نهاية القرن السابع الميلادي : |
| Remainder of title | تطبيقًا علي الكنائس المصرية والسورية – دراسة فنية تحليلية / |
| Statement of responsibility, etc. | إعداد مارى ثابت إبراهيم نصيف؛ إشراف أ.م.د/ منى جبر عبد النبي حسين. |
| 246 15 - VARYING FORM OF TITLE | |
| Title proper/short title | The architecture of the apse and its artistic decorations in the eastern churches until the end of the seventh century ad : |
| Remainder of title | Applied to the egyptian and syrian churches, an analytical artistic study / |
| 264 #0 - PRODUCTION, PUBLICATION, DISTRIBUTION, MANUFACTURE, AND COPYRIGHT NOTICE | |
| Date of production, publication, distribution, manufacture, or copyright notice | 2025. |
| 300 ## - PHYSICAL DESCRIPTION | |
| Extent | 363 صفحة : |
| Other physical details | الرسالة جزئين فى مجلد واحد ؛ |
| Dimensions | 30 سم. + |
| Accompanying material | CD. |
| 336 ## - CONTENT TYPE | |
| Content type term | text |
| Source | rda content |
| 337 ## - MEDIA TYPE | |
| Media type term | Unmediated |
| Source | rdamedia |
| 338 ## - CARRIER TYPE | |
| Carrier type term | volume |
| Source | rdacarrier |
| 502 ## - DISSERTATION NOTE | |
| Dissertation note | أطروحة (ماجستير)-جامعة القاهرة، 2025. |
| 504 ## - BIBLIOGRAPHY, ETC. NOTE | |
| Bibliography, etc. note | ببليوجرافيا: صفحات 220-237. |
| 520 ## - SUMMARY, ETC. | |
| Summary, etc. | يتناول البحث موضوع عمارة الحنية وزخارفها الفنية في الكنائس الشرقية حتى نهاية القرن السابع الميلادى تطبيقًا على الكنائس المصرية والسورية وينقسم البحث إلى جزئين: الجزء الأول تمهيد وأربعة فصول وخاتمة وملاحق وجاءت على رأسهم جميعًا المقدمة التي تعرض أهمية البحث وأسباب اختيار الموضوع بالإضافة إلى الدراسات السابقة.الفصل الأول يتناول أولاً: مسميات الحنية المختلفة، ثانيًا: عمارة الحنية في مصر وسوريا بأشكالها المختلفة،الفصل الثاني يتناول دراسة وصفية لزخارف الحنايا في مصر طبقًا لتوزيع المناظر على الحنية،الفصل الثالث يتناول دراسة وصفية لزخارف الحنايا في سوريا للجدرايات والأرضيات.الفصل الرابع يتناول دراسة تحليلية لأهم العناصر المعمارية والفنية التي ظهرت في الحنايا.ثم تأتي الخاتمة. |
| 520 ## - SUMMARY, ETC. | |
| Summary, etc. | The research is divided into two parts .Part one:The introduction: It discusses the naming of ancient Syria, its geographical divisions, and Christianity in Syria during the early Byzantine period, followed by architecture and art in Syria.Chapter One: Firstly, it addresses the different names of the apse. Secondly, it discusses the architecture of the apse in Egypt and Syria in.Chapter Two: It covers a descriptive study of the decorative motifs of the apses in Egypt based on the arrangement of the scenes on the apse.Chapter Three: It presents a descriptive study of the decorative motifs of the apses in Syria regarding the ceilings and floors.Chapter Four: It focuses on an analytical study of the most crucial architectural and artistic elements.Part two: An index of illustrations. |
| 530 ## - ADDITIONAL PHYSICAL FORM AVAILABLE NOTE | |
| Issues CD | صدر أيضًا كقرص مدمج. |
| 546 ## - LANGUAGE NOTE | |
| Text Language | النص بالعربية والملخص باللغة الإنجليزية والعربية. |
| 650 #7 - SUBJECT ADDED ENTRY--TOPICAL TERM | |
| Topical term or geographic name entry element | الكنائس الشرقية |
| Source of heading or term | qrmak |
| General subdivision | عمارة |
| 653 #0 - INDEX TERM--UNCONTROLLED | |
| Uncontrolled term | الحنية |
| -- | مصر |
| -- | سوريا |
| 700 0# - ADDED ENTRY--PERSONAL NAME | |
| Personal name | منى جبر عبد النبي حسين |
| Relator term | مشرف أطروحة. |
| 900 ## - Thesis Information | |
| Grant date | 26-01-2025 |
| Supervisory body | منى جبر عبد النبي حسين |
| Discussion body | خالد غريب على شاهين |
| -- | ماري ميساك كيبليان |
| Universities | جامعة القاهرة |
| Faculties | كلية الآثار |
| Department | قسم الآثار اليونانية والرومانية |
| 905 ## - Cataloger and Reviser Names | |
| Cataloger Name | Sara Salah |
| Reviser Names | Afaf |
| 942 ## - ADDED ENTRY ELEMENTS (KOHA) | |
| Source of classification or shelving scheme | Dewey Decimal Classification |
| Koha item type | Thesis |
| Edition | 21 |
| Suppress in OPAC | No |
| Source of classification or shelving scheme | Home library | Current library | Date acquired | Inventory number | Full call number | Barcode | Date last seen | Effective from | Koha item type |
|---|---|---|---|---|---|---|---|---|---|
| Dewey Decimal Classification | المكتبة المركزبة الجديدة - جامعة القاهرة | قاعة الرسائل الجامعية - الدور الاول | 12.02.2026 | 32961 | Cai01.14.04.M.Sc.2025.ما.ع | 01010100032961000 | 12.02.2026 | 12.02.2026 | Thesis |